On This Day: July 21st II Quiz Stats

 Plays Quiz Updated Jul 21, 2018

Score 0/7 Timer 03:00
0 Plays Today
Question Answer Wrong Answers
This American actor and comedian, who rose to fame as an alien called Mork in the sci-fi sitcom ‘Mork & Mindy’, is born.
1951
Robin Williams
94.1%
Jim Carrey
1.5%
Billy Crystal
1.8%
Bill Murray
2.1%
Six hours after landing on the moon, this astronaut becomes the first person to walk on the lunar surface.
1969
Neil Armstrong
93.6%
Buzz Aldrin
2.5%
John Glenn
1.4%
Alan Shepard
1.9%
The United States Senate ratifies the ______ Treaty, establishing NATO.
1949
North Atlantic
86.2%
North American
9.5%
National Arms
2.5%
National Association
1.5%
The National Gallery of British Art, today known as this, opens in England.
1897
Tate Gallery
84%
The Louvre
4.5%
Hermitage Museum
10.5%
Uffizi Gallery
1%
White House Press Secretary ______ resigns after opposing the appointment of Anthony Scaramucci as Communications Director.
2017
Sean Spicer
78.7%
Michael Flynn
10.5%
Sarah Huckabee Sanders
4.4%
Kellyanne Conway
5.3%
After being declared a republic, Ram Baran Yadav becomes the first president of this landlocked Asian country.
2008
Nepal
65.7%
Cambodia
11.9%
Afghanistan
16.6%
Iraq
4.7%
‘The Daily Show’ hosted by ______ premieres on Comedy Central in the United States.
1996
Craig Kilborn
24%
Jon Stewart
66.4%
Craig Ferguson
6.1%
Trevor Noah
2.7%

You're not logged in!

Compare scores with friends on all Sporcle quizzes.
OR
Log In

Sporcle TV

Today on Sporcle TV


Watch our educational content, quiz creation guides, and fun videos on Sporcle TV.

Show Comments

Extras

Top Quizzes Today


Score Distribution

Your Account Isn't Verified!

In order to create a playlist on Sporcle, you need to verify the email address you used during registration. Go to your Sporcle Settings to finish the process.

Report this User

Report this user for behavior that violates our Community Guidelines.

Details: